000 02517nam a2200217Ia 4500
003 OSt
005 20260502095315.0
008 210210b2005 xxu||||| |||| 00| 0 eng d
020 _a9780007228003
040 _cAL
041 _aEnglish
082 _a813.54 SHEO
100 _aSidney Sheldon
_9263201
245 _aOther side of me
260 _aNew York
_bHarper & Collins Publishers
_c2005
300 _a369p
520 _aThe Sheldon family were immigrants to the USA; a fairly dysfunctional family, constantly on the move, either fleeing debt crises or seeking possible employment all over the country. In the 1930's America's economy was in crisis, businesses were folding everywhere and more than thirteen million people lost their jobs. Sidney attended eleven different schools, worked by night at manual and temporary jobs. Sidney had always wanted to write and even when working as a busboy in a Chicago hotel managed to write for the local newspaper. But it was song-writing and radio that gave him his first break.In New York he worked as a barker for Radio City Music Hall, carrying on writing, seeking music publishers and choosing whether to have a hot dog for five cents and walk thirty-five blocks home or not to eat and take the subway home. Moving on to the Californian dream, he found a boarding house full of people with dreams and haunted the studio gates for a job as a writer, a reader, anything. His skill and persistence won and Sidney Sheldon's career had begun. But shortly afterwards, Pearl Harbor led to his joining the Army Air Corps and learning to fly.Amazingly, between training and flying, the indefatigable Sheldon started writing librettos for New York musical theatre, starting with an updated version of The Merry Widow (Balanchine was the choreographer), meeting stars like Kirk Douglas at the beginning of their careers, finding as many flops as successes. Returning to Hollywood, he found his screenplay career took off. He worked with actors like Cary Grant, Shirley Temple; with legendary producers like David Selznick and Dory Schar; and musical stars like Irving Berlin, Judy Garland and Gene Kelly. This is the amazing story of how Sidney Sheldon turned to writing television series and finally the books for which we all know him.The Other Side of Me is a wonderful story of a remarkable life, and of a man who has tried his hand at, and succeeded in, every form of writing.
690 _aAmerican English Fiction
_9173267
906 _a061167
942 _2ddc
_cBK
999 _c107825
_d107825